| Tag |
First Indicator |
Second Indicator |
Subfields |
| LEADER |
00000cam a22000001a 4500 |
| 001 |
in00003376584 |
| 006 |
m d f |
| 007 |
cr bn mmmapmmp |
| 008 |
100717s1999 dcu o f000 0 eng d |
| 005 |
20260430223611.7 |
| 035 |
|
|
|a cis2007894247
|
| 040 |
|
|
|a ProQuest
|c ProQuest
|d UtOrBLW
|
| 043 |
|
|
|a n-us---
|
| 099 |
|
|
|a CRS-1999-GVF-0119
|
| 110 |
2 |
|
|a Library of Congress.
|b Congressional Research Service.
|
| 245 |
1 |
0 |
|a Monetary Policy :
|b Current Policy and Conditions.
|
| 264 |
|
1 |
|a [Place of publication not identified] :
|b [publisher not identified],
|c 1999.
|
| 300 |
|
|
|a 1 online resource.
|
| 336 |
|
|
|a text
|b txt
|2 rdacontent
|
| 337 |
|
|
|a computer
|b c
|2 rdamedia
|
| 338 |
|
|
|a online resource
|b cr
|2 rdacarrier
|
| 500 |
|
|
|a Record is based on bibliographic data in ProQuest U.S. Congressional Research Digital Collection (last viewed July 2010). Reuse except for individual research requires license from ProQuest, LLC.
|
| 500 |
|
|
|a CRS Report.
|
| 520 |
|
|
|a Reviews current monetary policy and conditions, including comparison of monetary and fiscal policy, money supply growth and interest rates as indicators, the recent and current posture of monetary policy, Federal Reserve and monetary aggregates, and the near-term goals of monetary policy. Includes tables and graphs.
|
| 500 |
|
|
|a Electronic resource.
|
| 650 |
|
0 |
|a Fiscal policy.
|
| 650 |
|
0 |
|a Interest rates.
|
| 650 |
|
0 |
|a Monetary policy.
|
| 655 |
|
7 |
|a Electronic books.
|2 local
|
| 710 |
2 |
|
|a ProQuest (Firm)
|
| 776 |
0 |
8 |
|i Microfiche version:
|a Library of Congress. Congressional Research Service.
|t Monetary Policy
|
| 830 |
|
0 |
|a U.S. Congressional Research.
|
| 856 |
4 |
0 |
|u http://proxy.library.tamu.edu/login?url=https://congressional.proquest.com/congcomp/getdoc?CRDC-ID=CRS-1999-GVF-0119
|z Connect to the full text of this electronic book
|t 0
|
| 999 |
|
|
|a MARS
|
| 999 |
f |
f |
|s a98b1284-3348-3387-abbd-c79b69f9062f
|i d0b93dc2-9cb6-36c3-b9c5-4874336c7754
|t 0
|
| 952 |
f |
f |
|a Texas A&M University
|b College Station
|c Electronic Resources
|s www_evans
|d Available Online
|t 0
|e CRS-1999-GVF-0119
|h Other scheme
|
| 998 |
f |
f |
|a CRS-1999-GVF-0119
|t 0
|l Available Online
|